| 000 | 00855nam a2200229 a 4500 | ||
|---|---|---|---|
| 001 | 48098 | ||
| 003 | BD-RjUL | ||
| 005 | 20211209054447.0 | ||
| 008 | 160811s1995 ii ||||| |||| 00| 0 ben d | ||
| 020 |
_a8185741398 _c: IRs.60.00 |
||
| 035 | _a(BD-RjUL)48217 | ||
| 040 |
_aBD-RjUL _bben _cBD-RjUL _dBD-RjUL |
||
| 041 | _aben | ||
| 082 |
_223 _a891.444 _bBAC 1995 |
||
| 100 |
_aবন্দোপাধ্যায়, অসিতকুমার _9145745 |
||
| 245 | 1 | 0 |
_aচিন্তা-বিচিন্তা / _cঅসিতকুমার বন্দোপাধ্যায়, |
| 260 |
_aকলকাতা : _bপুস্তক বিপনি, _c১৯৯৫ |
||
| 300 |
_a[৬], ১৩৪ পৃ. ; _c২৫ সেমি. |
||
| 650 |
_aবাংলা প্রবন্ধ _9145746 |
||
| 650 |
_aBengali Essays _9145747 |
||
| 942 |
_2ddc _cBK |
||
| 999 |
_c48098 _d48098 |
||